00247nam a2200109Ia 4500008004100000041000800041082000800049100001600057245002600073250000700099260003100106221102s9999 xx 000 0 und d aeng bRam aRamji Lall aA Farewell to Arms a28 bRama Brothersc1905-07-02